000 00853nmm a2200265 a 4500
001 ocm0001061834
003 TR-IsHL
005 20201028151015.0
008 150623s2015 tu tur
007 cr cn
020 _a9786051287706
035 _a1061834
_b(N$T)
050 0 4 _aPL248.H53
_bB57 2015
090 0 4 _aPL248.H53
_bB57 2015
100 1 _aHiçşaşmaz, Serpil
245 1 0 _aBir bankacının anıları
_h[electronic resource] /
_cSerpil Hiçşaşmaz
260 _aİstanbul :
_bİkinci Adam Yayınları,
_c2015
300 _a283 p.
650 4 _aDil ve Edebiyat
650 4 _aLanguage and Literature
650 0 _aTürk romanı
650 0 _aTurkish fiction
650 7 _aLITERARY COLLECTIONS / Middle Eastern
_2bisacsh
856 4 0 _uhttp://search.ebscohost.com/login.aspx?direct=true&scope=site&db=e011xww&AN=1061834
999 _c10780
_d10780